|
|
|
|
| LEADER |
00827nam a2200205 a 4500 |
| 001 |
10348337 |
| 008 |
091108s1966 enk 000 1 eng d |
| 010 |
|
|
|a 66075602
|
| 020 |
|
|
|a 0586045929
|
| 040 |
|
|
|a DLC
|c DGW
|d OAU
|d Uk
|d DLC
|
| 082 |
0 |
0 |
|a 801.953
|2 16
|
| 100 |
1 |
|
|a Murdoch, Iris.
|
| 245 |
1 |
4 |
|a The time of the angels /
|c Iris Murdoch.
|
| 260 |
|
|
|a London :
|b Chatto & Windus, ;
|a Herts Al, NF :
|b Triad\Panther,
|c 1966.
|
| 300 |
|
|
|a 224 p. ;
|c 18 cm.
|
| 541 |
1 |
|
|e 00019515
|
| 650 |
|
0 |
|a Literatura Expressao Inglesa.
|
| 852 |
4 |
|
|a Ayesha Abed Library
|j General Shelf
|
| 999 |
|
|
|c 5300
|d 5300
|
| 952 |
|
|
|0 0
|1 0
|2 ddc
|4 0
|6 801_953000000000000_MUR_1966
|7 0
|9 5149
|a BRACUL
|b BRACUL
|c GEN
|d 2009-11-05
|e Radha Chakroborti
|l 1
|o 801.953 MUR
|p 3010019515
|r 2014-05-14
|s 2013-02-18
|t 1
|w 2009-11-09
|y BK
|x Transferred from ENH to Ayesha Abed library on 20/12/2023
|